[Event "Bernard Partridge Final"]
[Site "?"]
[Date "2000.??.??"]
[Round "?"]
[White "Woelk, Ralf"]
[Black "Voss, Gunter"]
[Result "1-0"]
[WhiteElo "2311"]
[BlackElo "2296"]
[PlyCount "95"]
[EventDate "2001.10.13"]

1. d4 Nf6 2. Bg5 d5 3. e3 e6 4. Bd3 Nbd7 5. Nd2 h6 6. Bh4 Be7 7. f4 c5 8. c3
Qb6 9. Rb1 Qa5 10. a3 c4 11. Bc2 b5 12. Ngf3 Qc7 13. Ne5 Bb7 14. Qf3 O-O 15. g4
Nxe5 16. fxe5 Nh7 17. Bxe7 Qxe7 18. Qg3 f6 19. Nf3 Bc6 20. h4 Be8 21. exf6 Nxf6
22. g5 Ne4 23. Bxe4 dxe4 24. Ne5 h5 25. Rf1 Rf5 26. Ke2 a5 27. Qg2 Qb7 28. g6
b4 29. axb4 axb4 30. Rxf5 exf5 31. Qg5 bxc3 32. Qxh5 c2 33. Rc1 Qxb2 34. Qh7+
Kf8 35. Qh8+ Ke7 36. Qxg7+ Ke6 37. Qh6 Bb5 38. g7+ Kd5 39. Qb6 c3+ 40. Kf2 Ba4
41. Qc5+ Ke6 42. Qc4+ Kd6 43. Nf7+ Ke7 44. Qc7+ Bd7 45. Qd6+ Kxf7 46. Qxd7+ Kf6
47. Qc6+ Ke7 48. d5 1-0

[Event "Bernard Partridge Final"]
[Site "?"]
[Date "2000.??.??"]
[Round "?"]
[White "Lang, Torsten"]
[Black "van Damme, Liban"]
[Result "1/2-1/2"]
[WhiteElo "2463"]
[BlackElo "2444"]
[PlyCount "51"]
[EventDate "2000.??.??"]

1. e4 c5 2. Nf3 Nc6 3. d4 cxd4 4. Nxd4 Nf6 5. Nc3 d6 6. Bg5 Qb6 7. Nb3 e6 8.
Qd2 Be7 9. O-O-O a6 10. f4 Qc7 11. Bxf6 gxf6 12. Be2 h5 13. Bf3 b5 14. Rhe1 Bb7
15. h4 Na5 16. Nxa5 Qxa5 17. Kb1 Rc8 18. f5 Rc5 19. Qd3 b4 20. Ne2 Qb5 21.
Qxb5+ Rxb5 22. Nf4 Kd7 23. Be2 Rc5 24. Nd3 Rb5 25. Nf4 Rc5 26. Nd3 1/2-1/2

[Event "Bernard Partridge Final"]
[Site "?"]
[Date "2000.??.??"]
[Round "?"]
[White "Sowden, Edward"]
[Black "Lang, Torsten"]
[Result "1-0"]
[WhiteElo "2361"]
[BlackElo "2463"]
[PlyCount "48"]
[EventDate "2000.??.??"]

1. e4 c5 2. Nc3 Nc6 3. g3 g6 4. Bg2 Bg7 5. d3 Rb8 6. f4 b5 7. Nf3 e6 8. e5 d5
9. exd6 f5 10. O-O Qxd6 11. Re1 a6 12. a4 Nge7 13. axb5 axb5 14. Qe2 O-O 15.
Be3 Nd4 16. Qf2 Nec6 17. Kh1 Nb4 18. Re2 Bb7 19. Nxb5 Nxb5 20. Bxc5 Qc7 21.
Bxb4 Bxb2 22. Ra2 Bxf3 23. Bxf3 Bd4 24. Qf1 Rfe8 {2nd etl.} 1-0

[Event "Bernard Partridge Final"]
[Site "?"]
[Date "2000.??.??"]
[Round "?"]
[White "Sowden, Edward"]
[Black "Voss, Gunter"]
[Result "0-1"]
[WhiteElo "2361"]
[BlackElo "2296"]
[PlyCount "114"]
[EventDate "2001.10.13"]

1. e4 c5 2. Nc3 Nc6 3. g3 g6 4. Bg2 Bg7 5. d3 d6 6. Be3 e6 7. Qd2 Rb8 8. Nge2
Nd4 9. O-O Ne7 10. Rab1 Nec6 11. a3 a5 12. Bg5 Qc7 13. Nxd4 Nxd4 14. Ne2 h6 15.
Be3 Nxe2+ 16. Qxe2 O-O 17. c3 b6 18. Qd2 Kh7 19. Rbd1 f5 20. d4 c4 21. e5 d5
22. h3 b5 23. Rfe1 Bd7 24. Rc1 Rf7 25. Qc2 Bc6 26. Kh2 Qd8 27. Bd2 Rfb7 28. Ra1
Bf8 29. Qc1 Qe8 30. Qd1 b4 31. axb4 axb4 32. Kg1 Ra8 33. Qe2 b3 34. Rxa8 Qxa8
35. Bc1 Ra7 36. Qd2 Ra1 37. Rf1 Qa2 38. Qe3 Qb1 39. Re1 Qd3 40. Rf1 Rb1 41. g4
Qxe3 42. fxe3 Bb4 43. Bf3 Be7 44. Kf2 Bh4+ 45. Ke2 Kg7 46. Rd1 Kf7 47. gxf5
exf5 48. Rg1 Bg5 49. Rf1 Ke6 50. Kf2 Be8 51. Be2 Bh4+ 52. Kg2 h5 53. Rd1 Be7
54. Rg1 g5 55. Rh1 Bg6 56. Rg1 g4 57. Rd1 Bg5 0-1

[Event "Bernard Partridge Final"]
[Site "?"]
[Date "2000.??.??"]
[Round "?"]
[White "Hartogh, Theo"]
[Black "Williams, Dr. S."]
[Result "1/2-1/2"]
[WhiteElo "2392"]
[BlackElo "2297"]
[PlyCount "104"]
[EventDate "2001.10.13"]

1. d4 d5 2. c4 c6 3. Nf3 Nf6 4. Nc3 dxc4 5. a4 Bg4 6. Ne5 Bh5 7. Nxc4 e6 8. Qb3
b6 9. e3 Nbd7 10. Bd3 c5 11. Ne4 Nxe4 12. Bxe4 Rc8 13. a5 Be7 14. axb6 axb6 15.
Ra7 O-O 16. O-O cxd4 17. exd4 Nf6 18. Bb7 Qc7 19. Nxb6 Rb8 20. Na4 Bd6 21. Qb6
Bxh2+ 22. Kh1 Qxb6 23. Nxb6 Bc7 24. Na8 Bd6 25. Nb6 Bg6 26. Bg5 Be4 27. Nc4
Bxb7 28. Nxd6 Bd5 29. Rc1 Rxb2 30. Bxf6 Rxf2 31. Be7 Rxg2 32. Rac7 Rc2+ 33. Kg1
Rxc1+ 34. Rxc1 Ra8 35. Kf2 h6 36. Rc7 Rb8 37. Bh4 f6 38. Nc8 Ba8 39. Bg3 Rb2+
40. Ke1 h5 41. Nd6 Bd5 42. Bf2 Rb8 43. Rc8+ Rxc8 44. Nxc8 g5 45. Kf1 Kf7 46.
Kg1 f5 47. Be1 Kg6 48. Ba5 Bb7 49. Nb6 f4 50. Nd7 g4 51. Ne5+ Kf5 52. Nc4 Bc6
1/2-1/2

[Event "Bernard Partridge Final"]
[Site "?"]
[Date "2000.07.01"]
[Round "?"]
[White "Boger, Raymond"]
[Black "Sowden, Edward"]
[Result "1-0"]
[WhiteElo "2477"]
[BlackElo "2361"]
[PlyCount "75"]
[EventDate "2000.??.??"]

1. c4 c5 2. g3 e6 3. Bg2 d5 4. Nf3 Nf6 5. cxd5 Nxd5 6. O-O Nc6 7. Nc3 Be7 8.
Nxd5 exd5 9. d4 O-O 10. dxc5 Bxc5 11. Bg5 Qd7 12. Ne1 h6 13. Bf4 Rd8 14. Nd3
Bb6 15. Bd2 Qe7 16. Nf4 Qe5 17. a4 Bf5 18. a5 Bc5 19. Rc1 b6 20. Qa4 Bd7 21.
Qb3 Nd4 22. Qe3 Qf5 23. b4 Re8 24. bxc5 Rxe3 25. Bxe3 Nb3 26. Rcd1 Bc6 27. Nxd5
Re8 28. cxb6 a6 29. Nc7 Bxg2 30. Nxe8 Qh3 31. Rd8 Kh7 32. Rfd1 Bc6 33. f3 Qe6
34. R8d3 Nxa5 35. Nd6 Nb7 36. Rc1 Nd8 37. g4 Bb5 38. Nxb5 1-0

[Event "Bernard Partridge Final"]
[Site "?"]
[Date "2000.??.??"]
[Round "?"]
[White "Williams, Dr. S."]
[Black "Lang, Torsten"]
[Result "1-0"]
[WhiteElo "2297"]
[BlackElo "2463"]
[PlyCount "85"]
[EventDate "2000.??.??"]

1. d4 d5 2. c4 dxc4 3. Nf3 Nf6 4. e3 Bg4 5. Bxc4 e6 6. h3 Bh5 7. Nc3 Nbd7 8.
O-O Bd6 9. e4 e5 10. d5 O-O 11. Bg5 a6 12. Be2 h6 13. Be3 Bxf3 14. Bxf3 Qe7 15.
Rc1 Bc5 16. Bd2 Rfc8 17. Qb3 Ne8 18. Qxb7 Nd6 19. Qc6 Bd4 20. Na4 Nf6 21. Bb4
Rab8 22. Bxd6 Qxd6 23. b3 a5 24. Rc2 Qb4 25. Rfc1 Qa3 26. Qa6 Ra8 27. Qe2 Ne8
28. Nc3 Bxc3 29. Rxc3 a4 30. bxa4 Qxa4 31. a3 Rcb8 32. Qe3 Rb2 33. Bd1 Qa6 34.
a4 Rab8 35. Rc6 Qa5 36. Bc2 Ra2 37. Rc5 Qb4 38. Rb1 Rb2 39. Rxb2 Qxb2 40. Kh2
Qa1 41. Qc3 Qf1 42. f3 Qf2 43. a5 1-0

[Event "Bernard Partridge Final"]
[Site "?"]
[Date "2000.07.01"]
[Round "?"]
[White "Boger, Raymond"]
[Black "Grothe, Dr. Gerhard"]
[Result "1-0"]
[WhiteElo "2477"]
[BlackElo "2435"]
[PlyCount "95"]
[EventDate "2000.??.??"]

1. c4 e5 2. g3 Nf6 3. Bg2 c6 4. d4 exd4 5. Qxd4 d5 6. cxd5 cxd5 7. Nf3 Be7 8.
O-O Nc6 9. Qa4 O-O 10. Nc3 Bd7 11. Be3 Re8 12. Rad1 Nb4 13. Qb3 a5 14. a4 Rc8
15. Bd4 Bf5 16. Bxf6 Bxf6 17. Nd4 Bg4 18. h3 Be6 19. Nxe6 fxe6 20. e4 d4 21. f4
Qb6 22. Na2 Nd5 23. Qxb6 Nxb6 24. e5 Be7 25. b3 Rc7 26. Rd2 Rd8 27. Rc1 Nd5 28.
Bxd5 Rxc1+ 29. Nxc1 Rxd5 30. Kg2 Ba3 31. Nd3 Rd7 32. Rc2 Be7 33. Kf3 Kf7 34.
Rc4 b5 35. Rc6 Rb7 36. Ra6 bxa4 37. bxa4 Bb4 38. Ke4 Rc7 39. g4 g6 40. Nxb4
axb4 41. Rb6 d3 42. Kxd3 Rc3+ 43. Kd4 Rxh3 44. a5 Ra3 45. a6 g5 46. f5 exf5 47.
gxf5 g4 48. Rb7+ 1-0

[Event "Bernard Partridge Final"]
[Site "?"]
[Date "2000.??.??"]
[Round "?"]
[White "Summers, Manuel Jaime"]
[Black "Boger, Raymond"]
[Result "0-1"]
[WhiteElo "2408"]
[BlackElo "2477"]
[PlyCount "112"]
[EventDate "2001.10.13"]

1. e4 c5 2. Nf3 d6 3. d4 cxd4 4. Nxd4 Nf6 5. Nc3 a6 6. f4 Qc7 7. Be2 e5 8. Nb3
b5 9. Bf3 Bb7 10. O-O Nbd7 11. a3 Be7 12. g4 h6 13. Be3 Rc8 14. h3 Nb6 15. Na5
Ba8 16. Qe2 Nfd7 17. f5 O-O 18. Rac1 d5 19. exd5 Bxa3 20. Nxb5 axb5 21. bxa3 e4
22. Bg2 Nxd5 23. Nb3 Ne5 24. Bd4 Rfe8 25. Rce1 Nc4 26. a4 bxa4 27. Nc5 Nf4 28.
Rxf4 Qxf4 29. Qxc4 e3 30. Rf1 Qd6 31. Qd3 Rxc5 32. Bxa8 Rxa8 33. Bxc5 Qg3+ 34.
Kh1 Qxh3+ 35. Kg1 Qxg4+ 36. Kh2 e2 37. Ra1 Qh4+ 38. Kg2 e1=N+ 39. Rxe1 Qxe1 40.
Bf2 Qb4 41. Qd4 Qxd4 42. Bxd4 Rc8 43. f6 Rxc2+ 44. Kf3 g5 45. Ba1 a3 46. Ke3
Rc1 47. Bd4 a2 48. Kf2 a1=Q 49. Bxa1 Rxa1 50. Kf3 Ra6 51. Kg4 Rxf6 52. Kh5 Rf4
53. Kxh6 f6 54. Kg6 Kf8 55. Kh5 Kf7 56. Kh6 Rh4# 0-1

[Event "Bernard Partridge Final"]
[Site "?"]
[Date "2000.??.??"]
[Round "?"]
[White "Lang, Torsten"]
[Black "Voss, Gunter"]
[Result "1-0"]
[WhiteElo "2463"]
[BlackElo "2296"]
[PlyCount "71"]
[EventDate "2000.??.??"]

1. e4 c5 2. Nf3 Qc7 3. c3 d6 4. d4 e5 5. d5 Ne7 6. a4 a6 7. Nbd2 Bg4 8. h3 Bh5
9. g4 Bg6 10. Nh4 Nd7 11. Qe2 h6 12. Nc4 Bh7 13. f4 Ng6 14. Nxg6 Bxg6 15. f5
Bh7 16. Be3 Be7 17. h4 g6 18. fxg6 Bxg6 19. Bg2 h5 20. g5 f5 21. Bh3 fxe4 22.
a5 Bd8 23. O-O Rf8 24. Bf5 Rxf5 25. Rxf5 Be7 26. Rff1 Rb8 27. Nd2 b5 28. Nxe4
Kd8 29. Ng3 c4 30. Qf3 Qb7 31. Nxh5 e4 32. Qd1 Bxh5 33. Qxh5 Qxd5 34. Qf7 Qxf7
35. Rxf7 Ne5 36. Rf4 1-0

[Event "Bernard Partridge Final"]
[Site "?"]
[Date "2000.??.??"]
[Round "?"]
[White "Voss, Gunter"]
[Black "Hartogh, Theo"]
[Result "1/2-1/2"]
[WhiteElo "2296"]
[BlackElo "2392"]
[PlyCount "187"]
[EventDate "2001.10.13"]

1. e4 e6 2. d4 d5 3. Nc3 Nf6 4. Bg5 Be7 5. e5 Nfd7 6. Bxe7 Qxe7 7. f4 O-O 8.
Nf3 c5 9. dxc5 Nc6 10. g3 Nxc5 11. Qd2 Bd7 12. Bg2 Rac8 13. O-O Rfd8 14. Nd4
Nxd4 15. Qxd4 f5 16. exf6 Qxf6 17. Qxf6 gxf6 18. Rad1 Bc6 19. Ne2 Na4 20. b3
Nb6 21. Nd4 Re8 22. a4 e5 23. Nxc6 bxc6 24. fxe5 fxe5 25. Rf6 Kg7 26. Rdf1 Re7
27. Rd6 e4 28. Rff6 e3 29. Kf1 c5 30. Bh3 Rcc7 31. a5 Nd7 32. Rf5 d4 33. Rg5+
Kf7 34. Bxd7 Rcxd7 35. Rxd7 Rxd7 36. Rxc5 Ke6 37. Ke2 a6 38. Kd3 Re7 39. Rc4
Kf5 40. Ke2 Rd7 41. b4 Rd6 42. h3 h6 43. Kd3 Re6 44. Rc5+ Kg6 45. Ke2 Rf6 46.
Ke1 Rf2 47. Rc4 Rd2 48. g4 Kf6 49. Rc6+ Ke5 50. b5 axb5 51. a6 Rh2 52. a7 Rh1+
53. Ke2 Rh2+ 54. Kf3 Rf2+ 55. Kg3 Rf8 56. Rc5+ Ke4 57. Rf5 Ra8 58. Rf4+ Kd5 59.
Rf7 b4 60. Kf3 Ke6 61. Rh7 Kd5 62. Ke2 Ke4 63. Rf7 Rc8 64. Re7+ Kd5 65. Rc7 Ra8
66. Kd3 Kd6 67. Rh7 Ke5 68. h4 Kf4 69. Rd7 Kxg4 70. Rxd4+ Kf3 71. Rd7 Re8 72.
Rf7+ Kg4 73. Ke2 Kxh4 74. Rf4+ Kg5 75. Rxb4 Ra8 76. Ra4 Kf5 77. Kxe3 Ke5 78. c4
Kd6 79. Kd4 h5 80. c5+ Kc6 81. Kc4 h4 82. Ra6+ Kb7 83. Kb5 Rxa7 84. Rh6 Kc8 85.
Rh8+ Kc7 86. Rh7+ Kb8 87. Rxh4 Rg7 88. Kb6 Rb7+ 89. Kc6 Rc7+ 90. Kd6 Kb7 91.
Rb4+ Kc8 92. Rb6 Rd7+ 93. Kc6 Rh7 94. Kb5 1/2-1/2

[Event "Bernard Partridge Final"]
[Site "?"]
[Date "2000.??.??"]
[Round "?"]
[White "Williams, Dr. S."]
[Black "Poulsen, JM."]
[Result "1-0"]
[WhiteElo "2297"]
[BlackElo "2370"]
[PlyCount "79"]
[EventDate "2001.10.13"]

1. d4 g6 2. c4 Bg7 3. Nc3 f5 4. g3 c6 5. Bg2 d6 6. d5 Nf6 7. Nh3 e5 8. dxe6
Bxe6 9. Qb3 Qb6 10. Ng5 Bg8 11. Be3 Qxb3 12. axb3 d5 13. Bd4 dxc4 14. Nb5 cxb5
15. Bxb7 h6 16. Nf3 Bd5 17. Bxd5 Nxd5 18. Bxg7 Rh7 19. Rd1 Nb4 20. Bc3 Nc2+ 21.
Kf1 cxb3 22. Rd6 g5 23. Re6+ Kd7 24. Rf6 Nc6 25. Rxf5 b4 26. Bd2 Rd8 27. Bc1 a5
28. Kg2 a4 29. Rd1+ Ke8 30. Rxd8+ Nxd8 31. Ra5 g4 32. Nd2 Rc7 33. Nxb3 axb3 34.
Bxh6 Ne6 35. Re5 Kf7 36. Re4 Rd7 37. Rxg4 Rd1 38. Rh4 Re1 39. e4 Rb1 40. Bd2
1-0

[Event "Bernard Partridge Final"]
[Site "?"]
[Date "2000.??.??"]
[Round "?"]
[White "Boger, Raymond"]
[Black "Poulsen, JM."]
[Result "1-0"]
[WhiteElo "2477"]
[BlackElo "2370"]
[PlyCount "87"]
[EventDate "2001.10.13"]

1. c4 e5 2. g3 Nf6 3. Bg2 c6 4. d4 exd4 5. Qxd4 Na6 6. Nc3 Bc5 7. Qe5+ Be7 8.
Nf3 O-O 9. O-O Re8 10. Qd4 Bc5 11. Qh4 Be7 12. Rd1 d6 13. Qf4 Nc5 14. b4 Ne6
15. Qd2 Qb6 16. Rb1 Bd7 17. e4 h6 18. Qe2 Rad8 19. a4 Ng4 20. a5 Qc7 21. h3 Ne5
22. Ne1 Bf6 23. f4 Ng6 24. Bb2 Ngxf4 25. gxf4 Nxf4 26. Qe3 Bg5 27. Qg3 Ng6 28.
Nf3 Be3+ 29. Kh1 Bf4 30. Qf2 Qc8 31. Ng1 Be6 32. Bf1 Re7 33. Nce2 Be5 34. Ng3
Rc7 35. Nf5 d5 36. Bxe5 Nxe5 37. c5 dxe4 38. Nd6 Qb8 39. Qg3 Ng6 40. Ne2 e3 41.
Bg2 Rcd7 42. Be4 Ne7 43. Nd4 Bc4 44. Rbc1 1-0

[Event "Bernard Partridge Final"]
[Site "?"]
[Date "2000.??.??"]
[Round "?"]
[White "Kunz, Harry"]
[Black "Summers, Manuel Jaime"]
[Result "1/2-1/2"]
[WhiteElo "2403"]
[BlackElo "2408"]
[PlyCount "142"]
[EventDate "2001.10.13"]

1. e4 c5 2. c3 Nf6 3. e5 Nd5 4. d4 cxd4 5. Nf3 Nc6 6. cxd4 d6 7. Nc3 dxe5 8.
dxe5 Nxc3 9. Qxd8+ Nxd8 10. bxc3 Nc6 11. Bb5 Bd7 12. Rb1 g6 13. O-O Bg7 14. Rd1
a6 15. Be2 b5 16. Bf4 Bf5 17. Rbc1 O-O 18. c4 b4 19. c5 Rfc8 20. h3 Be6 21. Nd4
Nxd4 22. Rxd4 Bxa2 23. Rxb4 a5 24. Rb6 a4 25. Ba6 Rc7 26. Bb7 Rf8 27. Bc6 Bb3
28. Ra6 Rfc8 29. Bxa4 Bxa4 30. Rxa4 h6 31. Rac4 g5 32. Bh2 Rc6 33. f4 gxf4 34.
Bxf4 Re6 35. c6 Bxe5 36. Bxe5 Rxe5 37. c7 Ra5 38. Rd4 Kg7 39. Rd8 Raa8 40. Rd7
Ra7 41. g4 Kg6 42. Kf2 e6 43. Rc5 Ra3 44. h4 Kf6 45. Ke2 Kg6 46. Rd8 Raa8 47.
Kd3 Rxd8+ 48. cxd8=Q Rxd8+ 49. Ke3 Rd5 50. Rc6 Rd1 51. Kf3 Rh1 52. Kg3 Rg1+ 53.
Kf3 Rd1 54. Kg3 Rd3+ 55. Kg2 Rd5 56. Kg3 h5 57. g5 Re5 58. Kf3 f6 59. gxf6 Kxf6
60. Rc8 Rf5+ 61. Ke3 Ra5 62. Rf8+ Ke7 63. Rh8 Kd7 64. Rh7+ Kc6 65. Rh8 Rd5 66.
Ra8 Kd6 67. Ke4 Rb5 68. Kf4 Ke7 69. Rh8 Kf6 70. Rh6+ Kf7 71. Rh8 Kg7 1/2-1/2

[Event "Bernard Partridge Final"]
[Site "?"]
[Date "2000.??.??"]
[Round "?"]
[White "Lang, Torsten"]
[Black "Boger, Raymond"]
[Result "0-1"]
[WhiteElo "2463"]
[BlackElo "2477"]
[PlyCount "68"]
[EventDate "2000.??.??"]

1. e4 c5 2. Nf3 d6 3. d4 cxd4 4. Nxd4 Nf6 5. Nc3 a6 6. Be2 e5 7. Nb3 Be7 8. a4
Be6 9. O-O Nbd7 10. f4 Rc8 11. f5 Bxb3 12. cxb3 Qb6+ 13. Kh1 Nc5 14. Bc4 Ncxe4
15. Nxe4 Nxe4 16. Qd5 Nf2+ 17. Rxf2 Qxf2 18. Qxf7+ Kd8 19. Bg5 Bxg5 20. Qxg7
Qxf5 21. Qxh8+ Kc7 22. Qg7+ Kb8 23. Rd1 h6 24. Bd5 Rc7 25. Qg8+ Ka7 26. Bc4 Rc5
27. Qe6 Qxe6 28. Bxe6 e4 29. g3 e3 30. Bc4 d5 31. Bd3 Rc6 32. Kg2 Rf6 33. Rf1
Rb6 34. h4 Be7 0-1